Statistics for Fifa 22 Top 25 Colombia Players

Click here to take the quiz!

General Stats

  • This quiz has been taken 55 times
    (50 since last reset)
  • The average score is 10 of 25

Answer Stats

RatingClubPlayer% Correct
83Bergamo CalcioDuvan Zapata
92%
83Piemonte CalcioJuan Cuadrado
92%
81EvertonJames Rodriguez
89%
79Tottenham HotspurDavinson Sanchez
83%
82Bergamo CalcioLuis Muriel
83%
79EvertonYerry Mina
81%
80FC PortoLuis Diaz
69%
79NapoliDavid Ospina
61%
78Eintracht FrankfurtRafael Santos Borre
53%
79FC PortoMateus Uribe
47%
76RangersAlfredo Morelos
44%
79Granada CFSantiago Arias
33%
77Granada CFCarlos Bacca
31%
79Shenzhen FCJuan Quintero
31%
78Boca JuniorsFrank Fabra
28%
77RC CeltaJeison Murillo
22%
76Pachuca CFOscar Murillo
22%
77Shanghai ShenhuaGiovanni Moreno
17%
76KRC GenkDaniel Munoz
14%
77Granada CFLuis Javier Suarez
14%
76Boca JuniorsSebastian Villa
11%
77Club AtlasCamilo Vargas
8%
77Al-HilalCarlos Cuellar
8%
77Boca JuniorsEdwin Cardona
6%
76Seattle SoundersYeimar Gomez Andrade
3%

Score Distribution

Percentile by Number Answered

Percent of People with Each Score

Your Score History

You have not taken this quiz since the last reset